header

Naipaul's strangers (Record no. 23551)

MARC details
000 -LEADER
fixed length control field 02327nam a2200433 a 4500
082 04 - DEWEY DECIMAL CLASSIFICATION NUMBER
Classification number 823/.914
100 1# - MAIN ENTRY--AUTHOR NAME
Personal name Barnouw, Dagmar.
245 10 - TITLE STATEMENT
Title Naipaul's strangers
260 ## - PUBLICATION, DISTRIBUTION, ETC. (IMPRINT)
Place of publication Bloomington :
Name of publisher Indiana University Press,
Year of publication c2003.
300 ## - PHYSICAL DESCRIPTION
Number of Pages xv, 176 p.
500 ## - GENERAL NOTE
General note Includes bibliographical references (p. [151]-171) and index.
505 0# - FORMATTED CONTENTS NOTE
Formatted contents note Introduction : cultural plurality and cultural value -- Understanding strangers -- Postcoloniality and historicity -- Stories of other lives : novels -- Stories of other lives : documentaries ; among the believers : an Islamic journey -- Stories of other lives : documentaries ; beyond belief : Islamic excursions among the converted peoples : Iran -- Stories of other lives : documentaries ; beyond belief : Islamic excursions among the converted peoples : Pakistan -- Uncertain histories : finding the center and the enigma of arrival -- Uncertain histories : a way in the world.
650 #0 - SUBJECT ADDED ENTRY--TOPICAL TERM
Topical Term Trinidadians
Topical Term Travelers' writings
Topical Term Cultural pluralism in literature.
Topical Term Intercultural communication in literature.
Topical Term Strangers in literature.
Topical Term Islam in literature.
856 40 - ELECTRONIC LOCATION AND ACCESS
Uniform Resource Identifier http://site.ebrary.com/lib/rucke/Doc?id=10026399

No items available.

© 2026 Rongo University
Contact us: librarian | system librarian | Rongo university